NHL/LNH - Nommez toutes les équipes - Statistiques

Statistiques générales
  • Ce quiz a été pris 1 035 fois
    925 depuis la dernière actualisation
  • Le résultat moyen est 25 sur 32
Statistiques - réponses
Équipes % Correct
Canadiens
95%
Oilers
89%
Rangers
89%
Maple Leafs
87%
Bruins
86%
Panthers
85%
Sénateurs
85%
Canucks
82%
Islanders
82%
Kings
81%
Penguins
81%
Capitals
80%
Golden Knights
78%
Jets
78%
Sharks
78%
Stars
78%
Avalanche
75%
Flames
75%
Kraken
75%
Ducks
74%
Lightning
74%
Red Wings
74%
Blackhawks
73%
Devils
73%
Wild
73%
Blues
70%
Hurricanes
70%
Sabres
67%
Flyers
66%
Predators
66%
Blue Jackets
62%
Utah Hockey Club
59%
Aucun quiz correspondant
Distribution des résultats
% des personnes avec chaque résultat
Percentile par nombre de réponses
Votre historique - résultats
Vous n’avez pas pris ce quiz depuis la dernière actualisation